| 000 | 01368cam a2200373 i 4500 | ||
|---|---|---|---|
| 999 |
_c991 _d991 |
||
| 001 | vtls002149650 | ||
| 003 | VRT | ||
| 005 | 20200310111811.0 | ||
| 008 | 171219t20172016nyua d 000 1 eng d | ||
| 020 |
_a1619636093 _q(paperback) |
||
| 020 |
_a9781619636095 _q(paperback) : |
||
| 035 | _a(OCoLC)ocn967029764 | ||
| 040 |
_aYDX _beng _erda _cYDX _dJBL _dTDS _dCHILD _dEHH _dOCLCF _dWHWPL _dORU _dTKU |
||
| 042 | _anbic | ||
| 082 | _aFIC MAA | ||
| 100 | 1 |
_aMaas, Sarah J., _eauthor. |
|
| 245 | 1 | 0 |
_aEmpire of storms : _ba throne of glass novel / _cSarah J. Maas. |
| 250 | _aPaperback edition. | ||
| 264 | 1 |
_aNew York : _bBloomsbury, _c2017. |
|
| 264 | 4 | _c©2016. | |
| 300 |
_a693 pages : _bmaps ; _c21 cm. |
||
| 336 |
_atext _btxt _2rdacontent. |
||
| 337 |
_aunmediated _bn _2rdamedia. |
||
| 338 |
_avolume _bnc _2rdacarrier. |
||
| 440 |
_aThrone of glass ; _nBook 5. |
||
| 500 | _aIncludes excerpt from the author's Tower of dawn. | ||
| 500 | _aSequel to: Queen of shadows. | ||
| 520 | _aAelin Galathynius embarks on an epic and desperate quest to protect all that she loves from falling into the hands of the dark forces that threaten to bring war to the fractured kingdom of Erilea. | ||
| 650 | 0 |
_aQueens _vJuvenile fiction. |
|
| 650 | 0 |
_aAssassins _vJuvenile fiction. |
|
| 650 | 0 |
_aMagic _vJuvenile fiction. |
|
| 655 | 0 | _aYoung adult fiction. | |
| 942 |
_2ddc _cFIC |
||